Indexy spôsobilosti procesu Cp, Cpk, Cpm a percento nezhodných výrobkov

Salvato in:
Dettagli Bibliografici
Autore principale: Hrnčiarová, Ľubica
Altri autori: Terek, Milan
Natura: Capitolo di libro
Lingua:slovacco
Tags: Aggiungi Tag
Nessun Tag, puoi essere il primo ad aggiungerne!!

MARC

LEADER 00000nla$a2200000$$$4500
001 0089163
005 20240502072009.8
041 0 |a slo 
044 |a SK 
245 1 0 |a Indexy spôsobilosti procesu Cp, Cpk, Cpm a percento nezhodných výrobkov  |c Ľubica Hrnčiarová, Milan Terek 
100 1 |a Hrnčiarová, Ľubica 
700 1 |a Terek, Milan